00402nam a22001577a 450000500170000000800410001702000270005804000090008504100120009408200150010610000190012124500310014026000390017130000080021065000260021820260425115136.0260425b |||||||| |||| 00| 0 eng d a9781944659929c1295.00 aMAIN aEnglish a535.5bKAM aKambe, Tsutomu aElementary Fluid Mechanics aNew JerseybWorld Scientificc2024 a386 aMathematics (PM USHA)